Yu-Gi-Oh! - Monstre (7) - Statistiques

Statistiques générales
  • Ce quiz a été pris 39 fois
  • Le résultat moyen est 79 sur 81
Statistiques - réponses
Question Tuile Select % Correct
Qui est Baleine Forteresse ? Non
100%
Qui est Baleine Forteresse ? Non
100%
Qui est Baleine Forteresse ? Non
100%
Qui est Baleine Forteresse ? Non
100%
Qui est Baleine Forteresse ? Oui
100%
Qui est Baleine Forteresse ? Non
100%
Qui est Baleine Forteresse ? Non
100%
Qui est Baleine Forteresse ? Non
100%
Qui est Baleine Forteresse ? Non
100%
Qui est Grand Blanc ? Non
100%
Qui est Grand Blanc ? Non
100%
Qui est Grand Blanc ? Non
100%
Qui est Grand Blanc ? Non
100%
Qui est Grand Blanc ? Non
100%
Qui est Grand Blanc ? Non
100%
Qui est Poisson Volant ? Non
100%
Qui est Poisson Volant ? Non
100%
Qui est Poisson Volant ? Non
100%
Qui est Poisson Volant ? Non
100%
Qui est Poisson Volant ? Non
100%
Qui est Poisson Volant ? Non
100%
Qui est Poisson Volant ? Non
100%
Qui est Poisson Volant ? Non
100%
Qui est Poisson Volant ? Oui
100%
Qui est Bête Amphibie ? Non
100%
Qui est Bête Amphibie ? Non
100%
Qui est Bête Amphibie ? Non
100%
Qui est Bête Amphibie ? Non
100%
Qui est Bête Amphibie ? Non
100%
Qui est Bête Amphibie ? Non
100%
Qui est Kairyu-Shin ? Non
100%
Qui est Kairyu-Shin ? Non
100%
Qui est Kairyu-Shin ? Non
100%
Qui est Kairyu-Shin ? Non
100%
Qui est Kairyu-Shin ? Non
100%
Qui est Méduse ? Non
100%
Qui est Méduse ? Non
100%
Qui est Méduse ? Oui
100%
Qui est Méduse ? Non
100%
Qui est Méduse ? Non
100%
Qui est Méduse ? Non
100%
Qui est Méduse ? Non
100%
Qui est Méduse ? Non
100%
Qui est Méduse ? Non
100%
Qui est Démon Kraken ? Non
100%
Qui est Démon Kraken ? Non
100%
Qui est Démon Kraken ? Non
100%
Qui est Démon Kraken ? Oui
100%
Qui est Démon Kraken ? Non
100%
Qui est Démon Kraken ? Non
100%
Qui est Démon Kraken ? Non
100%
Qui est Démon Kraken ? Non
100%
Qui est Démon Kraken ? Non
100%
Qui est Pêcheur Légendaire ? Non
100%
Qui est Pêcheur Légendaire ? Non
100%
Qui est Pêcheur Légendaire ? Non
100%
Qui est Pêcheur Légendaire ? Non
100%
Qui est Pêcheur Légendaire ? Non
100%
Qui est Pêcheur Légendaire ? Non
100%
Qui est Pêcheur Légendaire ? Non
100%
Qui est Pêcheur Légendaire ? Oui
100%
Qui est Pêcheur Légendaire ? Non
100%
Qui est Grand Blanc Terrifiant ? Non
100%
Qui est Grand Blanc Terrifiant ? Non
100%
Qui est Grand Blanc Terrifiant ? Non
100%
Qui est Grand Blanc Terrifiant ? Non
100%
Qui est Grand Blanc Terrifiant ? Non
100%
Qui est Grand Blanc Terrifiant ? Non
100%
Qui est Grand Blanc ? Non
97%
Qui est Bête Amphibie ? Non
97%
Qui est Kairyu-Shin ? Non
97%
Qui est Kairyu-Shin ? Non
97%
Qui est Grand Blanc Terrifiant ? Non
97%
Qui est Bête Amphibie ? Non
94%
Qui est Kairyu-Shin ? Non
94%
Qui est Bête Amphibie ? Oui
91%
Qui est Kairyu-Shin ? Oui
88%
Qui est Grand Blanc Terrifiant ? Non
75%
Qui est Grand Blanc Terrifiant ? Oui
72%
Qui est Grand Blanc ? Non
66%
Qui est Grand Blanc ? Oui
63%
Aucun quiz correspondant
Distribution des résultats
% des personnes avec chaque résultat
Percentile par nombre de réponses
Votre historique - résultats
Vous n’avez pas pris ce quiz